Agrometeorology and remote sensing : (Record no. 66737)
[ view plain ]
| 000 -LEADER | |
|---|---|
| fixed length control field | 00646nam a2200229 a 4500 |
| 001 - CONTROL NUMBER | |
| control field | 66737 |
| 003 - CONTROL NUMBER IDENTIFIER | |
| rucl marc code | BD-RjUL |
| 005 - DATE AND TIME OF LATEST TRANSACTION | |
| control field | 20211209081555.0 |
| 008 - FIXED-LENGTH DATA ELEMENTS--GENERAL INFORMATION | |
| fixed length control field | 170319s2003 ii a b 001 0 eng |
| 020 ## - INTERNATIONAL STANDARD BOOK NUMBER | |
| International Standard Book Number | 8177541986 |
| 035 ## - SYSTEM CONTROL NUMBER | |
| System control number | (BD-RjUL)66868 |
| 040 ## - CATALOGING SOURCE | |
| Original cataloging agency | DLC |
| Transcribing agency | DLC |
| Modifying agency | BD-RjUL |
| Language of cataloging | eng |
| 041 ## - LANGUAGE CODE | |
| Language code of text/sound track or separate title | eng |
| 082 00 - DEWEY DECIMAL CLASSIFICATION NUMBER | |
| Classification number | 630.2515 |
| Edition number | 23 |
| Author mark and year | SAA 2003 |
| 100 1# - MAIN ENTRY--PERSONAL NAME | |
| Personal name | Sahu, D. D. |
| 9 (RLIN) | 197573 |
| 245 10 - TITLE STATEMENT | |
| Title | Agrometeorology and remote sensing : |
| Remainder of title | Principles and practices / |
| Statement of responsibility, etc. | D.D. Sahu |
| 260 ## - PUBLICATION, DISTRIBUTION, ETC. (IMPRINT) | |
| Place of publication, distribution, etc. | India : |
| Name of publisher, distributor, etc. | Agrobios, |
| Date of publication, distribution, etc. | c2003 |
| 300 ## - PHYSICAL DESCRIPTION | |
| Pagination | xvii, 245 p. : |
| Illustrations | ill. ; |
| Size | 24 cm. |
| 500 ## - GENERAL NOTE | |
| General note | Includes index. |
| 504 ## - BIBLIOGRAPHY, ETC. NOTE | |
| Bibliography, etc | Bibliography: p. 353-359. |
| 942 ## - ADDED ENTRY ELEMENTS (KOHA) | |
| Source of classification or shelving scheme | Dewey Decimal Classification |
| Koha item type | Books |
| Lost status | Source of classification or shelving scheme | Damaged status | Not for loan | Collection code | Permanent Location | Current Location | Shelving location | Date acquired | Source of acquisition | Cost, normal purchase price | Total Checkouts | Full call number | Date last seen | Copy number | Koha item type |
|---|---|---|---|---|---|---|---|---|---|---|---|---|---|---|---|
| Dewey Decimal Classification | Not For Loan | Non-fiction | Central Library, University of Rajshahi | Central Library, University of Rajshahi | Reading Room | 23/08/2010 | Paragogn Enterprise, Dhaka | 595.00 | 630.2515 SAA 2003 | 19/03/2017 | C-1 | Books |